|
|
|
|
| LEADER |
00000ny a22000003n 4500 |
| 005 |
20110616111955.0 |
| 008 |
080625s2000 sp s 000 0 spa c |
| 020 |
|
|
|a 8471309718
|
| 035 |
|
|
|a 432
|
| 040 |
|
|
|a UMA.RE
|d vLex
|
| 080 |
|
|
|a 336.226IVA(460)"1992"(094)(0.034)
|
| 090 |
|
|
|c 756
|d 756
|
| 100 |
1 |
|
|a Banacloche Přez-Roldǹ, Julio
|
| 245 |
1 |
0 |
|a Ley 37/1992, de 28 de diciembre, del Impuesto sobre el Valor aądido
|h [Recurso electrn̤ico]
|c comentada por Julio Banacloche Přez-Roldǹ
|
| 256 |
|
|
|a Servicio en ln̕ea
|
| 260 |
|
|
|a [Madrid] :
|b Edersa,
|c 2000
|
| 506 |
1 |
|
|a Contenido solo disponible en los productos indicados
|d vLex Global
|d vLex Global (Academic Edition, excluding Law Schools)
|d vLex Global (U.S. Academic Edition, Law Schools)
|d vLex Global (U.S. Academic Edition, excluding Law Schools)
|d vLex Global (Academic Edition, Law Schools)
|
| 650 |
0 |
7 |
|a Tributario
|2 Tesauro vLex
|
| 650 |
0 |
7 |
|a Impuesto sobre el valor aądido
|2 Tesauro vLex
|
| 650 |
0 |
7 |
|a Derecho tributario
|2 Tesauro vLex
|
| 650 |
0 |
7 |
|a IVA
|2 Tesauro vLex
|
| 710 |
1 |
|
|a Espaą.
|t Ley del Impuesto sobre el Valor aądido, 1992
|
| 740 |
0 |
|
|a vLex Libros (Servicios en ln̕ea)
|
| 856 |
4 |
0 |
|u http://vlex.com/source/432
|z Acceso restringido
|
| 942 |
|
|
|c BOOK
|
| 999 |
0 |
|
|a Value-added tax
|b Madrid
|